| 000 | 01093nam a2200217Ia 4500 | ||
|---|---|---|---|
| 003 | Ost | ||
| 005 | 20260507075646.0 | ||
| 008 | 260507s9999||||xx |||||||||||||| ||und|| | ||
| 040 | _cfsecg | ||
| 041 | _aara | ||
| 082 | _a301.25 | ||
| 100 |
_aغنيم، عثمان محمد _eمؤلف |
||
| 245 | 0 |
_aمقدمة في التخطيط التنموي الإقليمي / _c عثمان محمد غنيم |
|
| 260 |
_aعمان: _bدار صفاء للنشر والتوزيع, _c1999 |
||
| 300 |
_a245 صفحة؛ _bإيضاحات ؛ _c24 سم |
||
| 520 | _aمشكلة التخلف- التخطيط التنموي- التخطيط الإقليمي(النشأة والبداية)- التخطيط الإقليمي(المفهوم والاساليب والخصائص- التسلسل المرحلي والإجرائي لعملية التخطيط الإقليمي- نظرية التخطيط الإقليمي- التجربة الأردنية. | ||
| 653 | _aالتخطيط التنموي | ||
| 653 | _aالتنمية الإقتصادية | ||
| 653 | _aالتنمية الإقليمية | ||
| 942 | _cكتاب | ||
| 999 |
_c45485 _d45485 |
||